Normal view
MARC view
- Ahmed Fraz
Entry Personal Name
001 - CONTROL NUMBER
- control field: 70715
003 - CONTROL NUMBER IDENTIFIER
- control field: NUST
005 - DATE AND TIME OF LATEST TRANSACTION
- control field: 20210628204538.0
008 - FIXED-LENGTH DATA ELEMENTS
- fixed length control field: 210628|| aca||aabn | a|a d
040 ## - CATALOGING SOURCE
- Original cataloging agency: NUST
- Transcribing agency: NUST
100 ## - HEADING--PERSONAL NAME
- Personal name: Ahmed Fraz
670 ## - SOURCE DATA FOUND
- Source citation: Work cat.: (NUST): Ahmed Fraz , TH-SOF-1083-Analysis of existing Project Management practices of Engineering Organizations operating on Make-to-Order projects and development of an effective Earned Value Management and Earned Schedu, 2015
